| 000 | 00902nam a22002651i 4500 | ||
|---|---|---|---|
| 001 | 36383 | ||
| 003 | BD-RjUL | ||
| 005 | 20211209052458.0 | ||
| 008 | 140622s1963 onc b 001 0 eng | ||
| 035 | _a(BD-RjUL)36480 | ||
| 040 |
_aDLC _cIEN _dBD-RjUL _beng |
||
| 041 | _aeng | ||
| 082 |
_bROW 1963 _220 _a321.020971 |
||
| 245 | 1 | 4 |
_aThe Rowell-Sirois report : _bAn abridgement of book I of the royal commission Report on Dominion-provincial relations / _cedited and introduced by Donald V. Smiley. |
| 260 |
_aToronto : _bMcClelland and Stewart, _cc1963. |
||
| 300 |
_a228 p. ; _c18 cm. |
||
| 490 | 1 |
_aThe Carleton library, _vno. 5 |
|
| 504 | _aIncludes Bibliography and index. | ||
| 650 | 0 |
_aFederal government _zCanada. _9110712 |
|
| 700 | 1 |
_aSmiley, Donald V. _eed. _9110713 |
|
| 830 | 1 |
_aThe Carleton library, no. 5 _9110722 |
|
| 942 |
_2ddc _cBK |
||
| 999 |
_c36383 _d36383 |
||